00960nam a2200229 a 4500001001000000003000500010005001700015008004100032010001100073011001100084020001800095040000900113111011900122245017900241260008900420300002700509650005700536650003500593650003900628650002700667700003600694000110822CHAP20250214091813.0141008s2011 mx a |s| |1|||||spa d a107284 a108256 a9786071202307 cCHAP20aCongreso Internacional Sobre Globalización, Desarrollo Regional y Sector Agropecuariod(2011:cChapingo, Méx.)10aMemoria del quinto congreso internacional sobre globalización, desarrollo regiona y sector agropecuarioh[Disco Compacto]ccompilado por Ignacio Caamal Cauich ... [et al.]. aChapingo, Méx. :bUACH. División de Ciencias Económico Administrativas,c2011. a1 CD ROM ;c4 3/4 plg.14aAgriculturaxAspectos económicosxAmérica Latina14aGanaderíaxAmérica Latina.14aPolítica económicaxCongresos.14aSeguridad alimentaria.1 aCaamal Cauich, Ignacioe, comp.